[Event "ch-CUB"]
[Site "Holguin City CUB"]
[Date "2002.04.04"]
[Round "5"]
[White "Gonzalez,Y"]
[Black "Quezada,Y"]
[Result "1-0"]
[WhiteElo "2444"]
[BlackElo "2411"]

1.e4 c5 2.Nf3 d6 3.d4 cxd4 4.Nxd4 Nf6 5.Nc3 a6 6.Be3 e5 7.Nb3 Be6 8.f3 Nbd7
9.g4 h6 10.Qd2 Be7 11.O-O-O b5 12.h4 Qc7 13.Kb1 Nb6 14.Qg2 b4 15.Bxb6 Qxb6
16.Nd5 Bxd5 17.exd5 a5 18.f4 a4 19.Nd2 exf4 20.Nc4 Qc5 21.Be2 b3 22.cxb3 axb3
23.a3 Ra4 24.Rc1 O-O 25.Rhd1 Nd7 26.Ne5 Qxc1+ 27.Rxc1 Nxe5 28.g5 Rb8 29.gxh6 g6
30.Qh3 Re4 31.h7+ Kg7 32.Qg2 Re3 33.Qf2 Kxh7 34.Bf1 Bf8 35.Qxf4 Bh6 36.Qa4 Rc8
37.Rd1 Rc2 38.h5 Rd2 39.hxg6+ Kxg6 40.Rc1 Bg7 41.Bd3+ Rdxd3 42.Qh4 Rg3 43.Rh1 Rdf3
44.Qh5+ Kf6 45.Qh4+ Rg5 46.Rg1 Rf5 47.Rd1 Nf3 48.Qb4 Rg3 49.Qxd6+  1-0

[Event "III Open"]
[Site "Dos Hermanas ESP"]
[Date "2002.04.06"]
[Round "2"]
[White "Korneev,O"]
[Black "Ortega Valle,J"]
[Result "1-0"]
[WhiteElo "2568"]
[BlackElo "2285"]

1.e4 c5 2.Nf3 d6 3.d4 cxd4 4.Nxd4 Nf6 5.Nc3 a6 6.Be3 e6 7.f3 b5 8.Qd2 Nbd7
9.O-O-O Nb6 10.Qf2 Nfd7 11.f4 Qc7 12.f5 Nc5 13.fxe6 fxe6 14.e5 d5 15.Nb3 Nxb3+
16.axb3 Nd7 17.Be2 Be7 18.Bd4 Nxe5 19.Qg3 Bd6 20.Nxd5 exd5 21.Bxe5 Bxe5 22.Bh5+ g6
23.Rhe1 O-O 24.Rxe5 Kh8 25.Bxg6 Qc6 26.Bxh7 Qh6+ 27.Kb1 Qxh7 28.Rd4 Rg8 29.Qh4 Qxh4
30.Rxh4+ Kg7 31.Rg5+ Kf7 32.Rf4+ Bf5 33.Rfxf5+ Ke7 34.Rxd5 Rxg5 35.Rxg5 Kf6
36.Rc5  1-0

[Event "III Open"]
[Site "Dos Hermanas ESP"]
[Date "2002.04.06"]
[Round "2"]
[White "Rizouk,A"]
[Black "Pereira Figueroa,M"]
[Result "1-0"]
[WhiteElo "2467"]
[BlackElo "2106"]

1.e4 c5 2.Nf3 d6 3.d4 cxd4 4.Nxd4 Nf6 5.Nc3 a6 6.Be3 e5 7.Nb3 Be7 8.f3 Be6
9.Qd2 Nbd7 10.g4 b5 11.g5 Nh5 12.O-O-O Nb6 13.Kb1 O-O 14.Nd5 Nxd5 15.exd5 Bf5
16.Na5 Qd7 17.Nc6 Rfe8 18.Bd3 Bf8 19.Rhf1 g6 20.f4 e4 21.Be2 Ng7 22.Rg1 Qc8
23.h4 Bd7 24.h5 Nf5 25.Bg4 Nh4 26.Bxd7 Qxd7 27.Nd4 Nf3 28.Nxf3 exf3 29.Qf2 Qh3
30.Rh1 Qg2 31.hxg6 fxg6 32.Qh4 Re7 33.Bd4 Rc8 34.Rh2 Rxc2 35.Rxg2 Rxg2 36.Qh3  1-0

[Event "III Open"]
[Site "Dos Hermanas ESP"]
[Date "2002.04.08"]
[Round "4"]
[White "Rizouk,A"]
[Black "Kolev,At"]
[Result "1/2-1/2"]
[WhiteElo "2467"]
[BlackElo "2568"]

1.e4 c5 2.Nf3 d6 3.d4 cxd4 4.Nxd4 Nf6 5.Nc3 a6 6.Be3 e5 7.Nb3 Be6 8.f3 Nbd7
9.g4 b5 10.g5 b4 11.Ne2 Nh5 12.Qd2 a5 13.Ng3 Nxg3 14.hxg3 a4 15.Nc1 Qa5 16.Nd3 d5  1/2-1/2

[Event "XI ch-MKD"]
[Site "Gevgelija MKD"]
[Date "2002.04.10"]
[Round "9"]
[White "Nedev,T"]
[Black "Ilic,Ljubo"]
[Result "1-0"]
[WhiteElo "2487"]
[BlackElo "2289"]

1.e4 c5 2.Nf3 d6 3.d4 cxd4 4.Nxd4 Nf6 5.Nc3 a6 6.Be3 e6 7.f3 Nc6 8.g4 Be7
9.Qd2 O-O 10.O-O-O Nxd4 11.Bxd4 b5 12.g5 Nd7 13.h4 b4 14.Ne2 a5 15.Ng3 Bb7
16.Kb1 Rc8 17.b3 Qc7 18.Rg1 Rfd8 19.Nh5 e5 20.Bb2 g6 21.Bc4 Kf8 22.Nf6 Nxf6
23.gxf6 Bxf6 24.Qh6+ Ke7 25.Qxh7 d5 26.exd5 Qd6 27.Qh6 Rh8 28.Qe3 Rxh4 29.Qa7 Rc7
30.Qxa5 Rf4 31.Rd3 e4 32.Re1 Bxb2 33.Kxb2 f5 34.fxe4 fxe4 35.Rd4 Kf7 36.Qxc7+  1-0

[Event "9th Hotel Opatija IM"]
[Site "Kastav CRO"]
[Date "2002.04.10"]
[Round "1"]
[White "Jurkovic,A"]
[Black "Kiss,At"]
[Result "1-0"]
[WhiteElo "2301"]
[BlackElo "2366"]

1.e4 c5 2.Nf3 d6 3.d4 Nf6 4.Nc3 cxd4 5.Nxd4 a6 6.Be3 e6 7.g4 h6 8.Bg2 g5
9.h4 gxh4 10.Qe2 Be7 11.O-O-O Nbd7 12.f4 Rg8 13.Bf3 Nh7 14.Kb1 Nc5 15.e5 d5
16.Bf2 Bd7 17.Qe1 b5 18.Bxh4 b4 19.Bxe7 Kxe7 20.Nce2 a5 21.Rxh6 Nf8 22.f5 Ke8
23.Qf2 Qc7 24.Qe3 a4 25.Rc1 Qa7 26.Nf4 Nb3 27.Rd1 Na5 28.Nh5 Nc4 29.Nf6+ Kd8
30.Nxe6+ fxe6 31.Qxa7 Rxa7 32.Nxg8 b3 33.axb3 axb3 34.cxb3 Nxe5 35.fxe6 Bxe6
36.Bxd5 Bxg4 37.Bf3+ Bd7 38.Be4 Ng4 39.Rh4 Nf2 40.Rf1 Nxe4 41.Rxf8+ Kc7 42.Rxe4  1-0

[Event "TCh-ISR"]
[Site "ISR"]
[Date "2002.04.12"]
[Round "8"]
[White "Sutovsky,E"]
[Black "Lederman,L"]
[Result "1-0"]
[WhiteElo "2656"]
[BlackElo "2346"]

1.e4 c5 2.Nf3 d6 3.d4 cxd4 4.Nxd4 Nf6 5.Nc3 a6 6.Be3 e5 7.Nb3 Be7 8.f3 Qc7
9.g4 h6 10.Qd2 Be6 11.O-O-O Nbd7 12.Qf2 b5 13.Kb1 b4 14.Nd5 Bxd5 15.exd5 a5
16.Bb5 a4 17.Bb6 Qb8 18.Na5 O-O 19.Nc6 Qxb6 20.Nxe7+ Kh8 21.Qxb6 Nxb6 22.Nf5 Rfd8
23.Bc6 Ra5 24.Ne3 Ng8 25.a3 bxa3 26.b4 axb3 27.cxb3 Ne7 28.b4 Ra7 29.Ka2 Nxc6
30.dxc6 d5 31.Rc1 f6 32.b5 d4 33.Nc4  1-0

[Event "9th Hotel Opatija IM"]
[Site "Kastav CRO"]
[Date "2002.04.13"]
[Round "4"]
[White "Zelenika,S"]
[Black "Zufic,M"]
[Result "0-1"]
[WhiteElo "2388"]
[BlackElo "2310"]

1.e4 c5 2.Nf3 d6 3.d4 cxd4 4.Nxd4 Nf6 5.Nc3 a6 6.Be3 e5 7.Nb3 Be6 8.f3 Nbd7
9.Qd2 b5 10.g4 Nb6 11.g5 Nfd7 12.Nd5 Rc8 13.O-O-O Nxd5 14.exd5 Bf5 15.Bd3 Bxd3
16.Qxd3 Be7 17.Rhg1 O-O 18.Kb1 f5 19.gxf6 Nxf6 20.Rg5 Rc4 21.Rdg1 Rf7 22.Nd2 Rh4
23.R5g2 Qa8 24.Ne4 Nxe4 25.fxe4 Qc8 26.b3 Bf8 27.a3 Rh3 28.Kb2 g6 29.Qd2 Rff3
30.Rg3 Rhxg3 31.Rxg3 Rxg3 32.hxg3 Qg4 33.Qg2 h5 34.Qf2 Qxe4 35.Qf6 Qxe3 36.Qxg6+ Bg7
37.Qe8+ Kh7 38.Qxh5+ Qh6 39.Qf5+ Kg8 40.Qc8+ Kh7 41.Qf5+ Qg6 42.Qh3+ Kg8
43.Qc8+ Bf8 44.Qxa6 Qxg3 45.Qxb5 Qg4 46.a4 Qd4+ 47.Kb1 e4 48.a5 Qd1+ 49.Kb2 Bg7+
50.c3 Qd2+ 51.Ka3 Qc1+ 52.Ka2 Kh7 53.Qe2 Qh1 54.a6 Bxc3 55.b4 Bd4 56.Qg4 Qa1+
57.Kb3 Qb1+ 58.Ka3 Qd3+ 59.Ka4 Qxa6+ 60.Kb3 Qd3+ 61.Ka4 e3 62.Qh5+ Kg7 63.Qg4+ Kf8
64.Qc8+ Kg7 65.Qg4+ Kf7 66.Qe6+ Kg7 67.Qg4+ Kf6 68.Qe6+ Kg5 69.Qg8+ Kf4 70.Qf8+ Kg4
71.Qg8+ Kf3 72.Qf7+ Ke2 73.Qh5+ Kd2 74.Qg5 Kc2  0-1

[Event "chJ-POL b20"]
[Site "Trzebinia POL"]
[Date "2002.04.13"]
[Round "3"]
[White "Mista,A"]
[Black "Jakubowski,K"]
[Result "1/2-1/2"]
[WhiteElo "2435"]
[BlackElo "2464"]

1.e4 c5 2.Nf3 d6 3.d4 cxd4 4.Nxd4 Nf6 5.Nc3 a6 6.Be3 e5 7.Nb3 Be6 8.f3 Nc6
9.Nd5 Bxd5 10.exd5 Ne7 11.c4 g6 12.Bd3 Bg7 13.O-O O-O 14.Qd2 Re8 15.Rae1 Qd7
16.Nc1 b5 17.Ne2 bxc4 18.Bxc4 Qb7 19.Nc3 Nf5 20.b3 Nxe3  1/2-1/2

[Event "XI ch-MKD"]
[Site "Gevgelija MKD"]
[Date "2002.04.14"]
[Round "13"]
[White "Nedev,T"]
[Black "Ilic,Z3"]
[Result "1-0"]
[WhiteElo "2487"]
[BlackElo "2364"]

1.e4 c5 2.Nf3 d6 3.d4 cxd4 4.Nxd4 Nf6 5.Nc3 a6 6.Be3 Ng4 7.Bg5 Nc6 8.h3 Qa5
9.Nf3 Nf6 10.Bd2 Qd8 11.Qe2 e6 12.O-O-O Qc7 13.Bf4 Ne5 14.Bh2 Nxf3 15.gxf3 Nd7
16.f4 Nb6 17.f5 Bd7 18.fxe6 fxe6 19.Qd2 e5 20.Qg5 Be6 21.f4 h6 22.Qg6+ Bf7
23.Qf5 exf4 24.Bxf4 Be7 25.e5 dxe5 26.Bxe5 Qc5 27.Bd3 Qe3+ 28.Kb1 g6 29.Qe4 Qxe4
30.Bxe4 O-O 31.Bxb7 Ra7 32.Be4 Bc5 33.b3 Re8 34.Bd6 Bxd6 35.Rxd6 Nc8 36.Rc6 Ne7
37.Rc5 Rd8 38.Bd3 Kg7 39.Ra5 Rc8 40.Nb5 Rca8 41.Nd6 Nc6 42.Rc5 Rc7 43.Be4 Be8
44.Bd5  1-0

[Event "chJ-POL g20"]
[Site "Trzebinia POL"]
[Date "2002.04.14"]
[Round "4"]
[White "Chmielinska,A"]
[Black "Worek,J"]
[Result "0-1"]
[WhiteElo "2071"]
[BlackElo "2225"]

1.e4 c5 2.Nf3 d6 3.d4 cxd4 4.Nxd4 Nf6 5.Nc3 a6 6.Be3 Ng4 7.Bg5 h6 8.Bh4 g5
9.Be2 Ne5 10.Bg3 Nbc6 11.Nb3 Bg7 12.O-O Be6 13.Nd5 Ng6 14.Bh5 Nce5 15.Nd4 Bxd5
16.exd5 Bf6 17.Kh1 Qa5 18.c4 Rc8 19.Bxg6 Nxg6 20.Qd3 Qc5 21.Nf5 Be5 22.Rac1 Nf4
23.Bxf4 gxf4 24.Qh3 h5 25.Qh4 Rc7 26.a3 Bxb2 27.Qxf4 Be5 28.Qe4 Kd8 29.f4 Bf6
30.a4 Kc8 31.Rfe1 Kb8 32.Qc2 h4 33.h3 Rhc8 34.Qb3 e6 35.Ne3 Bd4 36.dxe6 fxe6
37.Rcd1 e5 38.fxe5 dxe5 39.Nf5 Rg8 40.Nxd4 exd4 41.Qd3 Rd7 42.Re4 Rg3 43.Re8+ Ka7
44.Qe2 Rdg7 45.Rg1 d3 46.Qd1 Qc6  0-1

[Event "9th Hotel Opatija IM"]
[Site "Kastav CRO"]
[Date "2002.04.15"]
[Round "6"]
[White "Zelenika,S"]
[Black "Krkljes,S"]
[Result "1-0"]
[WhiteElo "2388"]
[BlackElo "2098"]

1.e4 c5 2.Nf3 d6 3.d4 cxd4 4.Nxd4 Nf6 5.Nc3 a6 6.Be3 e6 7.f3 Qc7 8.Qd2 Nbd7
9.g4 h6 10.O-O-O b5 11.Bd3 Bb7 12.a3 d5 13.exd5 Nxd5 14.Nxd5 Bxd5 15.Rhe1 b4
16.axb4 a5 17.Nb5 Qc6 18.Qc3 axb4 19.Qxc6 Ra1+ 20.Kd2 Rxd1+ 21.Rxd1 Bxc6
22.Nd4 Bd5 23.Bb5 Bc5 24.Ke2 Kd8 25.c4 bxc3 26.bxc3 Kc7 27.c4 Bxd4 28.Bxd4 Bc6
29.Bxg7 Ra8 30.Bxh6 Ra2+ 31.Rd2 Bxb5 32.cxb5 Ra5 33.Rb2 Ra1 34.Kf2 f5 35.Bg7 Ra8
36.Bd4 e5 37.Be3 f4 38.Bd2 Nc5 39.Kg2 Kb6 40.h4 Ne6 41.Bc3 Nd4 42.h5 Ra3
43.Bxd4+ exd4 44.h6 Ra7 45.g5 Rc7 46.Kh3 d3 47.Rd2  1-0

[Event "chJ-POL b20"]
[Site "Trzebinia POL"]
[Date "2002.04.15"]
[Round "5"]
[White "Zawadzki,S"]
[Black "Lagowski,P"]
[Result "0-1"]
[WhiteElo "2407"]
[BlackElo "2321"]

1.e4 c5 2.Nf3 d6 3.d4 cxd4 4.Nxd4 Nf6 5.Nc3 a6 6.Be3 e5 7.Nb3 Be7 8.f3 Be6
9.Qd2 O-O 10.O-O-O Nbd7 11.g4 Qc7 12.g5 Nh5 13.Kb1 b5 14.Nd5 Bxd5 15.exd5 Nb6
16.Na5 Nxd5 17.Qxd5 Qxa5 18.Bh3 Qb4 19.Bg4 Nf4 20.Bxf4 Qxf4 21.h4 Ra7 22.Qd3 Rc7
23.Bf5 g6 24.Be4 Rd8 25.Bd5 Kg7 26.Rd2 Rc5 27.h5 Bxg5 28.hxg6 fxg6 29.Rdh2 h6
30.Be4 Qf6 31.Qa3 Rdc8 32.Qxa6 d5 33.Qxf6+ Kxf6 34.Bd3 b4 35.Rg2 Rg8 36.Rhg1 Ra8
37.b3 Ra3 38.Rg4 d4 39.R1g2 Rca5 40.c4 bxc3 41.Be4 Ke7 42.Bxg6 Bd2 43.Be4 Bg5
44.Bd3 Kd6 45.Re2 Ra7 46.Bc4 Re7 47.Bd3 Rf7 48.Rg3 Rf6 49.Bc2 Bf4 50.Rg7 Bg5
51.Rg6 Rxg6 52.Bxg6 Bf4 53.Rg2 Kc5 54.Bd3 h5 55.Rg8 h4 56.Rh8 Bg3 57.Rc8+ Kd6
58.Rh8 Ke7 59.Bc2 Kf6 60.b4 Kg5 61.b5 Kf4 62.b6 Ra5 63.Rb8 Kxf3 64.Bd3 Ra4
65.b7 e4 66.Bxe4+ Kxe4 67.Re8+ Kd3 68.b8=Q Bxb8 69.Rxb8 Kd2  0-1

[Event "City-ch"]
[Site "St-Petersburg RUS"]
[Date "2002.04.16"]
[Round "1"]
[White "Anisimov,P"]
[Black "Popov,Val"]
[Result "1/2-1/2"]
[WhiteElo "2405"]
[BlackElo "2593"]

1.e4 c5 2.Nf3 d6 3.d4 cxd4 4.Nxd4 Nf6 5.Nc3 a6 6.Be3 Ng4 7.Bc1 Nf6 8.Be3 e5
9.Nb3 Be6 10.f3 Nbd7 11.Qd2 b5 12.a4 b4 13.Nd5 Bxd5 14.exd5 Nb6 15.Bxb6 Qxb6
16.a5 Qb7 17.Bc4 g6 18.Ra4 Rb8 19.Qd3 Bh6 20.Bxa6 Qxd5 21.Qxd5 Nxd5 22.Kf2 Be3+
23.Ke2 Ba7 24.g3 Nc7 25.Bd3 f5 26.Kd2 Kd7 27.Rb1 h5 28.c3 Nd5 29.Bc4 bxc3+
30.bxc3 Ne3 31.Bd3 Rhc8 32.Rb4 Nd5 33.Rxb8 Rxb8 34.Bc4 Ne7 35.a6 d5 36.Be2 Nc6
37.Kc2 Kd6 38.Ra1 Bb6 39.Rd1 Rc8 40.Kb2 Rb8 41.Kc2 Ke6 42.Bb5 Na7 43.Be2 Rc8
44.Kb2 Nc6 45.Ra1 g5 46.c4 g4 47.cxd5+ Kxd5 48.Rd1+ Nd4 49.Nxd4 Bxd4+ 50.Kb3 Rb8+
51.Ka3  1/2-1/2

[Event "chJ-POL g20"]
[Site "Trzebinia POL"]
[Date "2002.04.16"]
[Round "6"]
[White "Toma,K"]
[Black "Worek,J"]
[Result "1/2-1/2"]
[WhiteElo "2200"]
[BlackElo "2225"]

1.e4 c5 2.Nf3 d6 3.d4 cxd4 4.Nxd4 Nf6 5.Nc3 a6 6.Be3 e5 7.Nb3 Be6 8.Qd2 Be7
9.f3 h5 10.a4 Nbd7 11.a5 Rc8 12.Be2 h4 13.O-O Rxc3 14.Qxc3 d5 15.Qd3 h3 16.g3 O-O
17.Bg5 Qc7 18.exd5 Bxd5 19.c4 Be6 20.Nd2 Nc5 21.Qc2 Rd8 22.b4 Ncd7 23.Qb2 Nf8
24.Rfd1 Rc8 25.Rac1 Bf5 26.Be3 N6d7 27.Ne4 Bxe4 28.fxe4 Qc6 29.Rd5 Nf6 30.b5 Qc7
31.Bb6 Qb8 32.Qxe5 Qxe5 33.Rxe5 Ba3 34.Rd1 N8d7 35.Rf5 Nxb6 36.axb6 axb5
37.Rxb5 Nxe4 38.Rb3 Bc5+ 39.Kf1 Nd6 40.Rd5 g6 41.Rbd3 Nf5 42.Bg4 Bxb6 43.Bxf5 gxf5
44.Rb3 Rc6 45.Rxf5 Kg7 46.Rbb5 Bd4 47.c5 Kg6 48.g4 f6 49.Rh5 Be5 50.Rxh3 Kg5
51.Rh7 Kxg4 52.Rhxb7 Ra6 53.R7b6 Ra1+ 54.Rb1 Ra2 55.R6b4+ Kf5 56.h4 Rc2 57.Rb5 Kg4
58.R1b4+ Kf3 59.Rb3+ Kg4 60.R5b4+ Kh5 61.Rb5 Kxh4 62.Rd3 Kg4 63.Rd7 Kf3 64.Rb3+ Ke4
65.Rb5 Kf3 66.Rd3+ Ke4 67.Ra3 Bd4 68.Rh3 f5 69.Rb4  1/2-1/2

[Event "chJ-POL b20"]
[Site "Trzebinia POL"]
[Date "2002.04.16"]
[Round "7"]
[White "Zawadzki,S"]
[Black "Tomczak,Raf"]
[Result "1-0"]
[WhiteElo "2407"]
[BlackElo "2384"]

1.e4 c5 2.Nf3 d6 3.d4 cxd4 4.Nxd4 Nf6 5.Nc3 a6 6.Be3 e5 7.Nb3 Be6 8.f3 Be7
9.Qd2 O-O 10.O-O-O Qc7 11.g4 Nbd7 12.h4 b5 13.h5 b4 14.Nd5 Bxd5 15.exd5 Nb6
16.Bxb6 Qxb6 17.g5 Nd7 18.Bh3 Qd8 19.Rdg1 a5 20.Kb1 f5 21.f4 a4 22.Nc1 Qa5
23.Rd1 Rab8 24.Rhf1 e4 25.Ne2 Rb5 26.Ng3 g6 27.Nxe4 Nb6 28.Nf6+ Bxf6 29.gxf6 Nxd5
30.Qe2 Nxf6 31.hxg6 hxg6 32.Rg1 Kf7 33.Rxd6 Rd5 34.Re1 Ne4 35.Ra6 Qb5 36.Qxb5 Rxb5
37.Bg2 Re8 38.Kc1 b3 39.Rxa4 bxa2 40.Rxa2 Rb6 41.Ra4 Rbe6 42.Bf1 Kf6 43.Bc4 Rd6
44.Bd3 Rde6 45.b4 Nc3 46.Rxe6+ Rxe6 47.Ra5 Rd6 48.b5 Nd5 49.Ra4 Nb6 50.Ra7 Ke6
51.Rc7 Kf6 52.Kd2 Nd5 53.Rc4 Ke7 54.Rd4 Nb6 55.Ke3 Nd5+ 56.Kf3 Kd7 57.Ra4 Nb6
58.Ra3 Rd4 59.Be2 Ke6 60.Ra6 Rd6 61.c4 Nd7 62.Kg3 Nc5 63.Rxd6+ Kxd6 64.Bf3 Ne6
65.Bd5 Nd4 66.Kh4 Kc5 67.Kg5 Ne2 68.Bf7 Kd6 69.Bxg6 Kc5 70.Bxf5 Kxc4 71.b6 Nd4
72.Bd7  1-0

[Event "Open"]
[Site "Dubai UAE"]
[Date "2002.04.17"]
[Round "3"]
[White "Abbasifar,H"]
[Black "Visweswaran,K"]
[Result "0-1"]
[WhiteElo "2300"]
[BlackElo "2310"]

1.e4 c5 2.Nf3 d6 3.d4 cxd4 4.Nxd4 Nf6 5.Nc3 a6 6.Be3 e5 7.Nde2 Be6 8.f3 h5
9.Qd2 Nbd7 10.O-O-O Rc8 11.Kb1 Be7 12.Nd5 Nxd5 13.exd5 Bf5 14.Rc1 h4 15.g4 Bh7
16.f4 exf4 17.Nxf4 Ne5 18.h3 Nc4 19.Bxc4 Rxc4 20.Nh5 O-O 21.Rhf1 Bg6 22.Nf4 Bh7
23.Nh5 Bg6 24.Nf4 Be4 25.b3 Rc8 26.Bd4 Bf6 27.Nh5 Bg5 28.Be3 Bxe3 29.Qxe3 Re8
30.Kb2 Re5 31.Qd4 Qa5 32.c4 Bxd5 33.Rf2 Be6 34.Rd2 Rc6 35.Rcc2 Qb4 36.Nf4 Qa5
37.Nd3 Rg5 38.Qf2 Qd8 39.Qxh4 Qf6+ 40.Kb1 b5 41.Nb4 Rc8 42.Qe1 bxc4 43.Rxd6 Re5
44.Qd2 a5 45.Nc6 cxb3 46.axb3 Rb5 47.Rxe6 Qxe6 48.Ne7+ Kh7 49.Qd3+ g6 50.Qxb5 Rxc2
51.Kxc2 Qxe7 52.Qxa5 Qe4+ 53.Kb2 Qg2+ 54.Ka3 Qxh3 55.Qg5 Qh1 56.Qf4 Qa8+
57.Kb2 Qg2+ 58.Kc3 Qh3+ 59.Kc4 f5 60.gxf5 gxf5 61.b4 Kg6 62.b5 Qa3 63.Kd5 Qd3+
64.Kc5 Qc2+ 65.Kd6 Qd3+ 66.Kc5 Qc2+ 67.Qc4 Qf2+ 68.Qd4 Qc2+ 69.Kd6 Qh2+ 70.Ke6 Qe2+
71.Qe5 Qc4+ 72.Kd6 f4 73.b6 Qb4+ 74.Kc7 Qc4+  0-1

[Event "9th Hotel Opatija IM"]
[Site "Kastav CRO"]
[Date "2002.04.17"]
[Round "8"]
[White "Jurkovic,A"]
[Black "Zufic,M"]
[Result "1/2-1/2"]
[WhiteElo "2301"]
[BlackElo "2310"]

1.e4 c5 2.Nf3 d6 3.d4 cxd4 4.Nxd4 Nf6 5.Nc3 a6 6.Be3 e5 7.Nde2 Be6 8.Bg5 Nbd7
9.Ng3 h6 10.Bxf6 Nxf6 11.Nh5 Nd7 12.Nd5 Rc8 13.Be2 g6 14.Ng3 h5 15.Nf1 Qa5+
16.b4 Qa4 17.Nfe3 Bxd5 18.Nxd5 Qxc2 19.O-O Qxd1 20.Rfxd1 Bh6 21.g3 Kf8 22.Bf1 Kg7
23.Bh3 Rcd8 24.Bxd7 Rxd7 25.Rd3 Rdd8 26.Nb6 Kf6 27.Rad1 Ke6 28.Rc3 Rb8 29.h4 Rhe8
30.Rdd3 f5 31.f3 Re7 32.Nd5 Rd7 33.Rc2 Rf8 34.Rdc3 Rdf7 35.Rc7 g5 36.Rxf7 Rxf7
37.hxg5 Bxg5 38.Kg2 f4 39.Rc8 fxg3 40.Kxg3 h4+ 41.Kg4 Rg7 42.Kh3 Rf7 43.Kg4 Bf6
44.Rg8 Kd7 45.a4 Rg7+ 46.Rxg7+ Bxg7 47.Kxh4 Kc6 48.Kg5 a5 49.bxa5 Kc5 50.Kg6 Bf8
51.Nc7 Kb4 52.a6 bxa6 53.Nxa6+ Kxa4 54.Kf7 Bh6 55.Ke6 Kb5 56.Nc7+ Kc4 57.Kxd6 Bf4
58.Nd5 Bh2 59.Ne3+ Kd3 60.Ng4 Bg3 61.Kd5 Ke2 62.Nxe5 Ke3 63.Ke6 Kf4 64.Kd5 Ke3
65.Ke6 Kf4 66.Kf6 Bh4+ 67.Ke6 Bg3  1/2-1/2

[Event "ch-YUG w"]
[Site "Kotor YUG"]
[Date "2002.04.17"]
[Round "5"]
[White "Mijovic,A"]
[Black "Benderac,A"]
[Result "1-0"]
[WhiteElo "2123"]
[BlackElo "2313"]

1.e4 c5 2.Nf3 d6 3.d4 cxd4 4.Nxd4 Nf6 5.Nc3 a6 6.Be3 e5 7.Nb3 Be6 8.f3 Nbd7
9.g4 b5 10.g5 b4 11.Nd5 Nxd5 12.exd5 Bf5 13.Bd3 Bxd3 14.Qxd3 Be7 15.h4 O-O
16.O-O-O f5 17.f4 a5 18.fxe5 Nxe5 19.Qe2 a4 20.Nd4 b3 21.axb3 axb3 22.Nxb3 Qc7
23.Bd4 Rfb8 24.Rh3 Rb4 25.Rc3 Qb8 26.Re3 f4 27.Re4 Rxb3 28.cxb3 Qxb3 29.Rxf4 Ra1+
30.Kd2 Nc4+ 31.Ke1 Rxd1+ 32.Qxd1 Qg3+ 33.Rf2 Qg1+ 34.Rf1 Qg3+ 35.Rf2 Qg1+
36.Ke2 Qg4+ 37.Rf3 Qe4+ 38.Be3 Ne5 39.Rf4 Qg2+ 40.Bf2 g6 41.Qa4  1-0

[Event "Open"]
[Site "Dubai UAE"]
[Date "2002.04.18"]
[Round "4"]
[White "Goloshchapov,A"]
[Black "Jobava,Ba"]
[Result "1-0"]
[WhiteElo "2545"]
[BlackElo "2556"]

1.e4 c5 2.Nf3 d6 3.d4 Nf6 4.Nc3 cxd4 5.Nxd4 a6 6.Be3 Ng4 7.Bg5 h6 8.Bh4 g5
9.Bg3 Bg7 10.h3 Ne5 11.Nf5 Bxf5 12.exf5 Nbd7 13.Be2 Rc8 14.O-O O-O 15.h4 Nf6
16.hxg5 hxg5 17.Qd2 Qb6 18.Rab1 Nc4 19.Qxg5 Nxb2 20.Na4 Qd4 21.Nxb2 Ne4 22.Qg4 Nxg3
23.Qxg3 Rxc2 24.Nd3 Rxe2 25.Rb4 Qc3 26.Rg4 Rc2 27.Re1 Rc8 28.Re5 Qa1+ 29.Kh2 Rc1
30.Rxg7+ Kh8 31.Nxc1 Qxe5 32.Rxf7 Rxc1 33.f4  1-0

[Event "Open"]
[Site "Dubai UAE"]
[Date "2002.04.18"]
[Round "4"]
[White "Visweswaran,K"]
[Black "Ghaem Maghami,E"]
[Result "0-1"]
[WhiteElo "2310"]
[BlackElo "2513"]

1.e4 c5 2.Nf3 d6 3.d4 cxd4 4.Nxd4 Nf6 5.Nc3 a6 6.Be3 e5 7.Nb3 Be7 8.f3 Be6
9.Qd2 Nbd7 10.g4 O-O 11.O-O-O Qc7 12.h4 Rfc8 13.Kb1 b5 14.h5 Nb6 15.g5 Nfd7
16.g6 Nf6 17.gxf7+ Bxf7 18.Bxb6 Qxb6 19.Nd5 Bxd5 20.exd5 a5 21.Bh3 Rc4 22.Be6+ Kh8
23.Rdg1 Rf4 24.Qg2 Bf8 25.Nd2 a4 26.Qg6 Qf2 27.Qf7 Qxd2 28.h6 g6 29.Rxg6 hxg6
30.h7 Bh6 31.Qxg6 Rxf3  0-1

[Event "Alushta-100"]
[Site "Alushta UKR"]
[Date "2002.04.19"]
[Round "?"]
[White "Zubov,A UKR"]
[Black "Pavlov,Ma"]
[Result "1-0"]
[WhiteElo "2478"]
[BlackElo "2400"]

1.e4 c5 2.Nf3 d6 3.d4 cxd4 4.Nxd4 Nf6 5.Nc3 a6 6.Be3 e6 7.f3 b5 8.Qd2 Nbd7
9.g4 Nb6 10.Bd3 Bb7 11.O-O-O Rc8 12.Bg5 Be7 13.Kb1 b4 14.Nce2 Nxe4 15.fxe4 Bxg5
16.Qxb4 O-O 17.h4 Be7 18.Qb3 Qc7 19.Nf4 e5 20.Nfe6 Bd5 21.exd5 fxe6 22.Nxe6 Qa7
23.Nxf8 Bxf8 24.Bf5 Rb8 25.Rhf1 Kh8 26.Be6 Qe7 27.Rf7 Qd8 28.Rdf1 Be7 29.g5 Nd7
30.Qe3 Nc5 31.h5 Na4 32.h6  1-0

[Event "Alushta-100"]
[Site "Alushta UKR"]
[Date "2002.04.19"]
[Round "?"]
[White "Miroshnichenko,E"]
[Black "Pavlov,Ma"]
[Result "1/2-1/2"]
[WhiteElo "2510"]
[BlackElo "2400"]

1.e4 c5 2.Nf3 d6 3.d4 cxd4 4.Nxd4 Nf6 5.Nc3 a6 6.Be3 e6 7.f3 b5 8.g4 h6 9.Qd2 Nbd7
10.O-O-O Bb7 11.h4 b4 12.Na4 Qa5 13.b3 Nc5 14.a3 Nxa4 15.axb4 Qc7 16.bxa4 d5
17.e5 Nd7 18.f4 Nb6 19.Rh3 Rc8 20.Bf2 h5 21.g5 Qd7 22.Nb3  1/2-1/2

[Event "9th Hotel Opatija IM"]
[Site "Kastav CRO"]
[Date "2002.04.19"]
[Round "10"]
[White "Jurkovic,A"]
[Black "Krkljes,S"]
[Result "1-0"]
[WhiteElo "2301"]
[BlackElo "2098"]

1.e4 c5 2.Nf3 d6 3.d4 cxd4 4.Nxd4 Nf6 5.Nc3 a6 6.Be3 e6 7.g4 e5 8.Nf5 g6
9.g5 gxf5 10.exf5 d5 11.gxf6 d4 12.Bc4 Qc7 13.Qd3 dxe3 14.O-O-O exf2 15.Nd5 Qd8
16.Qe2 Nd7 17.Qxf2 b5 18.Bb3 Bb7 19.Rhe1 Qa5 20.Nb6 Bh6+ 21.Kb1 Qxb6 22.Rxe5+ Kf8
23.Rxd7 Qxf2 24.Rxf7+ Kg8 25.Rxb7+ Kf8 26.Rf7+ Kg8 27.Ra7+  1-0

[Event "chJ-POL g20"]
[Site "Trzebinia POL"]
[Date "2002.04.20"]
[Round "11"]
[White "Toma,K"]
[Black "Kadziolka,B"]
[Result "1/2-1/2"]
[WhiteElo "2200"]
[BlackElo "2235"]

1.e4 c5 2.Nf3 d6 3.d4 cxd4 4.Nxd4 Nf6 5.Nc3 a6 6.Be3 e5 7.Nb3 Be6 8.Qd2 Be7
9.f3 O-O 10.O-O-O Nbd7 11.g4 Qc7 12.g5 Nh5 13.Nd5 Bxd5 14.exd5 a5 15.a4 Nb6
16.Bb5 Nc4 17.Qc3 Rfc8 18.Bxc4 Qxc4 19.Qxc4 Rxc4 20.Nd2 Rxa4 21.Ne4 f5 22.gxf6 Nxf6
23.Nc3 Ra1+ 24.Kd2 Rxd1+ 25.Rxd1 b5 26.Nxb5 Nxd5 27.c4 Nxe3 28.Kxe3 Rc8 29.Kd3 Rc5
30.Nc3 Kf7 31.Ra1 Bd8 32.b3 Ke6 33.Ke4 Rc8 34.Nd5 Rb8 35.Ra3 Rb7 36.f4 Rf7
37.Ra1 exf4 38.Nxf4+ Kd7 39.Rd1 Kc6 40.Rd5 Bb6 41.Rb5 Ra7 42.Nd5 Bc5 43.Rb8 a4
44.bxa4 Rxa4 45.Rc8+ Kb7 46.Rc7+ Ka6 47.Rxg7 Rxc4+ 48.Kf3 Rh4 49.Kg3 Rh6
50.h4 Bd4 51.Rg5 Be5+ 52.Kg4 Kb5 53.Rh5 Rxh5 54.Kxh5 Bg7 55.Nc7+ Kc6 56.Ne6 Be5
57.Kh6 Kd7 58.Ng5 Bg3 59.Nf3 Ke6 60.Kxh7 Kf5 61.Kg7 Kg4 62.Nd2 Bxh4 63.Nc4 Bg3
64.Nxd6 Bxd6  1/2-1/2

[Event "City-ch"]
[Site "St-Petersburg RUS"]
[Date "2002.04.23"]
[Round "7"]
[White "Anisimov,P"]
[Black "Loginov,Va"]
[Result "1/2-1/2"]
[WhiteElo "2405"]
[BlackElo "2524"]

1.e4 c5 2.Nf3 d6 3.d4 cxd4 4.Nxd4 Nf6 5.Nc3 a6 6.Be3 e5 7.Nb3 Be6 8.f3 Be7
9.Qd2 O-O 10.O-O-O Nbd7 11.g4 b5 12.g5 b4 13.Ne2 Ne8 14.Ng3 a5 15.Kb1 a4
16.Nc1 Qb8 17.f4 exf4 18.Bxf4 b3 19.cxb3 axb3 20.a3 Bd8 21.Nf5 Nc5 22.Qd4 Qc8
23.Bxd6 Nxe4 24.Bxf8 Kxf8 25.Bd3 Nc5 26.Ng3 Bxg5 27.Bc4 Bf6 28.Bxe6 fxe6
29.Qb4 Rb8 30.Qd2 Na4 31.Nd3 Nxb2 32.Nxb2 Qc2+ 33.Qxc2 bxc2+ 34.Kxc2 Rxb2+
35.Kd3 Rb3+ 36.Ke2 Rxa3 37.Rd7 Ra2+ 38.Kf3 Be7 39.Ne4 Ra3+ 40.Kg2  1/2-1/2

[Event "Open"]
[Site "Dubai UAE"]
[Date "2002.04.24"]
[Round "8"]
[White "Gadjily,R"]
[Black "Visweswaran,K"]
[Result "1-0"]
[WhiteElo "2426"]
[BlackElo "2303"]

1.e4 c5 2.Nf3 d6 3.d4 cxd4 4.Nxd4 Nf6 5.Nc3 a6 6.Be3 e5 7.Nb3 Be6 8.f3 h5
9.Qd2 Nbd7 10.Nd5 Bxd5 11.exd5 g6 12.Be2 Bg7 13.c4 b6 14.O-O O-O 15.Rab1 Re8
16.Na1 h4 17.Nc2 a5 18.Na3 Nc5 19.Nb5 Qd7 20.b3 Nh5 21.Bd1 f5 22.Bc2 Kh7
23.a3 e4 24.f4 h3 25.gxh3 Qe7 26.Kh1 Rac8 27.Qg2 Bh6 28.Rbe1 Rg8 29.Qf2 Rgf8
30.Rg1 a4 31.b4 Nb3 32.Bxb3 axb3 33.Rc1 b2 34.Rb1 Rxc4 35.Rxb2 Rfc8 36.Qg2 Qf6
37.Rf2 Rg8 38.Qf1 Rcc8 39.Rfg2 Qe7 40.Qf2 Nf6 41.Qd2 Nh5 42.a4 Qd7 43.Rf1 Ra8
44.Qd1 Bg7 45.Rxg6 Kxg6 46.Rg1+ Kh7 47.Qxh5+ Bh6 48.Rc1 Rxa4 49.Nd4 Qg7 50.Qxf5+ Qg6
51.Qxg6+ Rxg6 52.Ne6 Rxb4 53.f5 Rxe6 54.dxe6 Bxe3 55.e7 Bxc1 56.e8=Q  1-0

[Event "Open"]
[Site "Dubai UAE"]
[Date "2002.04.25"]
[Round "9"]
[White "Kobalia,M"]
[Black "Pigusov,E"]
[Result "0-1"]
[WhiteElo "2602"]
[BlackElo "2623"]

1.e4 c5 2.Nf3 d6 3.d4 cxd4 4.Nxd4 Nf6 5.Nc3 a6 6.Be3 e5 7.Nb3 Be6 8.f3 Be7
9.Qd2 h5 10.O-O-O Nbd7 11.Kb1 Rc8 12.h3 h4 13.f4 g6 14.Bd3 exf4 15.Bxf4 Nh5
16.Bh2 Ne5 17.Be2 Ng3 18.Bxg3 hxg3 19.Qe1 Bh4 20.Nd5 O-O 21.Qb4 b5 22.Nf4 Bc4
23.Nd4 Bxe2 24.Nfxe2 Nc4 25.Nf4 Re8 26.Rhe1 Bg5 27.Nd5 Nd2+ 28.Rxd2 Rc4 29.Qxc4 bxc4
30.Rde2 Kg7 31.c3 Qa5 32.Nf3 Bd8 33.Nb4 Bb6 34.Rd1 Bc5 35.Nd5 Bf2 36.Nf4 Qb6
37.Ng5 a5 38.a4 Qc6 39.Rd5 Re5 40.h4 Bc5 41.h5 gxh5 42.Nf3 Rxd5 43.exd5 Qxa4  0-1

[Event "TUR-BUL Chess Summit"]
[Site "Istanbul TUR"]
[Date "2002.04.28"]
[Round "8"]
[White "Erdogdu,M"]
[Black "Simeonov,S"]
[Result "1-0"]
[WhiteElo "2295"]
[BlackElo "2348"]

1.e4 c5 2.Nf3 d6 3.d4 cxd4 4.Nxd4 Nf6 5.Nc3 a6 6.Be3 e5 7.Nb3 Be6 8.f3 Nbd7
9.Qd2 Qc7 10.g4 Nb6 11.g5 Nfd7 12.O-O-O Rc8 13.Kb1 Nc4 14.Bxc4 Bxc4 15.Nd5 Bxd5
16.exd5 Be7 17.h4 O-O 18.h5 f5 19.g6 h6 20.f4 Bf6 21.Rc1 Nb6 22.Bxb6 Qxb6
23.c4 exf4 24.c5 dxc5 25.d6 c4 26.d7 Rc6 27.Qd5+ Kh8 28.Rxc4 Rxc4 29.Qxc4 Qd6
30.Nc5 b6 31.Ne6 Qe5 32.Rh2 f3 33.Rc2 Rg8 34.Ng5 Qe1+ 35.Rc1 Qxc1+ 36.Kxc1 Bxg5+
37.Kd1 a5 38.Ke1 Rd8 39.Qf7 Bh4+ 40.Kf1 Rg8 41.Qxf5 Bf6 42.b3 Rf8 43.Qe6 Bd8
44.Qf7 Rg8 45.Kf2 b5 46.Kxf3 b4 47.Ke4 Bf6 48.Kd5 Bd8 49.Ke6  1-0